Chiesa, diritto e ordinamento della "societas christiana" nei secoli XI e XII : (Record n. 26114)

Dettagli MARC
000 -LEADER
fixed length control field 01509nam a2200301 i 4500
003 - CONTROL NUMBER IDENTIFIER
control field IT-RoINE
005 - DATE AND TIME OF LATEST TRANSACTION
control field 20200515100825.0
008 - FIXED-LENGTH DATA ELEMENTS--GENERAL INFORMATION
fixed length control field 081002s1986 it |r |101|||mul|d
020 ## - INTERNATIONAL STANDARD BOOK NUMBER
International Standard Book Number 8834303814
040 ## - CATALOGING SOURCE
Original cataloging agency UPSA
Transcribing agency esslup IT-RoINE
Modifying agency IT-RoINE
041 0# - LANGUAGE CODE
Language code of text/sound track or separate title eng
-- fre
-- ger
-- ita
-- lat
-- spa
110 2# - MAIN ENTRY--CORPORATE NAME
Corporate name or jurisdiction name as entry element Università cattolica del Sacro Cuore.
Subordinate unit Centro di studi medioevali.
-- Settimana internazionale di studio
Number of part/section/meeting (9ª.
Date of meeting or treaty signing 1983.
Location of meeting Passo della Mendola, Italia)
9 (RLIN) 51724
245 10 - TITLE STATEMENT
Title Chiesa, diritto e ordinamento della "societas christiana" nei secoli XI e XII :
Remainder of title atti della nona Settimana Internazionale di Studio, Mendola 28 agosto-2 septiembre 1983.
260 ## - PUBLICATION, DISTRIBUTION, ETC. (IMPRINT)
Place of publication, distribution, etc Milano :
Name of publisher, distributor, etc Vita e pensiero,
Date of publication, distribution, etc 1986.
300 ## - PHYSICAL DESCRIPTION
Extent XV, 569 p. ;
Dimensions 24 cm.
336 ## - CONTENT TYPE
Source rdacontent
Content type term text
337 ## - MEDIA TYPE
Source rdamedia
Media type term unmediated
338 ## - CARRIER TYPE
Source rdacarrier
Carrier type term volume
490 1# - SERIES STATEMENT
Series statement Pubblicazioni dell'Università cattolica del Sacro Cuore.
-- Miscellanea del Centro di studi medioevali ;
Volume number/sequential designation 11
500 ## - GENERAL NOTE
General note Incluye índices.
504 ## - BIBLIOGRAPHY, ETC. NOTE
Bibliography, etc Incluye referencias bibliográficas en notas.
546 ## - LANGUAGE NOTE
Language note Textos en alemán, inglés, español, francés, italiano y latín.
650 #4 - SUBJECT ADDED ENTRY--TOPICAL TERM
Topical term or geographic name as entry element Sociología jurídica
Form subdivision Congresos
9 (RLIN) 51712
650 #4 - SUBJECT ADDED ENTRY--TOPICAL TERM
Topical term or geographic name as entry element Iglesia
General subdivision Historia
Chronological subdivision 600-1500 (Edad media)
Form subdivision Congresos
9 (RLIN) 52561
650 #4 - SUBJECT ADDED ENTRY--TOPICAL TERM
9 (RLIN) 51713
Topical term or geographic name as entry element Derecho canónico
General subdivision Historia
Chronological subdivision 600-1500 (Edad media)
Form subdivision Congresos
830 #0 - SERIES ADDED ENTRY--UNIFORM TITLE
9 (RLIN) 51709
Uniform title Pubblicazioni dell'Università cattolica del Sacro Cuore.
Name of part/section of a work Miscellanea del Centro di studi medioevali
Volume number/sequential designation 11
942 ## - ADDED ENTRY ELEMENTS (KOHA)
Item type Monografías
Dati di copia
Withdrawn status Lost status Damaged status Not for loan Home library Current library Date acquired Total Checkouts Full call number Barcode Date last seen Price effective from Koha item type
        Iglesia Nacional Española en Roma Iglesia Nacional Española en Roma 17/07/2018   HIS.ECL 228 51732 17/07/2018 17/07/2018 Monografías